000 00338nam a2200157Ia 4500
001 21471
003 IN-NITTTR
005 20251114233244.0
008 251113s9999||||xx |||||||||||||| ||eng||
040 _beng
040 _cIN-NITTTR
041 _aeng
082 _a370.25 W893 R
245 0 _aWorld of learning 1992 /
942 _2ddc
_cBK
999 _c24101
_d24101